| 000 | 01473nam a22002897a 4500 | ||
|---|---|---|---|
| 999 |
_c371533 _d371533 |
||
| 003 | BLK | ||
| 005 | 20250802154512.0 | ||
| 008 | 200630b bu ||||| |||| 00| 0 bu d | ||
| 020 | _a978-954-660-747-8 | ||
| 040 | _aBLK | ||
| 041 |
_aBUL _cBUL |
||
| 080 |
_aБългарска литература _b821.163.2 _x-93-34 _z821.163.2-93-34 |
||
| 139 |
_aПриказки от стари майстори _bП 87 |
||
| 245 |
_aПриказки от стари майстори _cСъстав. и ред. Костадин Костадинов; състав. и ред. Любомир Русанов; худож. Христо Димитров |
||
| 257 | _aBGR | ||
| 260 |
_9209558 _aСофия _bПАН _c2016 _f[София] : Образование и наука _n978-954-660- ; 978-954-657- |
||
| 300 |
_a80 с. _bс цв. ил. _c23 см |
||
| 380 | _aDX | ||
| 500 | _aСъдържа приказки от: Елин Пелин, Ран Босилек, Асен Разцветников, Ангел Каралийчев, Емилиян Станев | ||
| 700 |
_9378451 _aКостадинов, Костадин Василев _eсъстав. и ред. |
||
| 700 | 1 |
_aРусанов, Любомир Кирилов _eсъстав. и ред. _9117434 |
|
| 700 |
_91637 _aДимитров, Христо Димитров _eхудож. |
||
| 852 |
_aЦб 299474 _bЦб |
||
| 942 |
_cKNG _n0 _s1 _04 |
||
| 944 |
_aCR _c2020-06-30 _k30543 _lИва Цветкова |
||
| 999 | _d371533 | ||